Nemo pro parte testatus, pro parte intestatus, decedere potest

محفوظ في:
التفاصيل البيبلوغرافية
المؤلف الرئيسي: Pérez Simeón, Maurici (مؤلف)
التنسيق: كتاب
اللغة:الإسبانية
منشور في: Madrid Marcial Pons 2001
سلاسل:Monografías Jurídicas
الموضوعات:
الوسوم: إضافة وسم
لا توجد وسوم, كن أول من يضع وسما على هذه التسجيلة!

MARC

LEADER 00000nam a2200000 a 4500
001 UCL3242
003 CL-VaPUC
008 031114e20010000SP |||||||||||||||||spa|d
020 |a 8472488306 
082 0 4 |a 340.54  |b PER  |2 21 
100 0 |a Pérez Simeón, Maurici  |e author  |9 480533 
245 1 0 |a Nemo pro parte testatus, pro parte intestatus, decedere potest 
246 1 3 |a El principio de incompatibilidad entre la sucesión testamentaria y la intestada en el Derecho romano 
300 |a 450 p 
942 |c BK 
945 |d 20031114 00:00:00  |a cmena 
260 |a Madrid  |b Marcial Pons  |c 2001 
650 0 |a Derecho romano  |9 255930 
650 0 |a Derecho sucesorio  |9 255015 
650 7 |a TESTAMENTOS  |2 CL-VaPUC  |9 255014 
650 0 |a Derecho civil  |9 255013 
583 |a last modification  |c 20031114 00:00:00  |k Rodrigo Vera 
490 0 |a Monografías Jurídicas 
999 |c 306355  |d 306353 
952 |0 0  |1 0  |4 0  |6 340_540000000000000_PER_2001  |7 0  |8 DER_ROM  |9 371307  |a BIBDER  |b BIBDER  |d 2019-11-21  |i 3966119  |o 340.54 PER 2001  |p 3966119  |r 2023-01-25  |w 2019-11-21  |x Ubicación 4to piso  |y BK  |z Este recurso debe solicitarse con anticipación  |k DER